Vista normal Vista MARC

Entrada Materia (personas)

Número de registros utilizados en: 2

001 - CONTROL NUMBER

  • control field: 41624

003 - CONTROL NUMBER IDENTIFIER

  • control field: Co-BoUCM

005 - DATE AND TIME OF LATEST TRANSACTION

  • control field: 20130726113103.0

008 - FIXED-LENGTH DATA ELEMENTS

  • fixed length control field: 130726|| aca||aabn | a|a d

040 ## - CATALOGING SOURCE

  • Original cataloging agency: Co-BoUCM
  • Transcribing agency: Co-BoUCM

100 ## - HEADING--PERSONAL NAME

  • Personal name: Gratian,
  • Dates associated with a name: active 12th century

670 ## - SOURCE DATA FOUND

  • Source citation: Work cat.: (Co-BoUCM)72375: Gratian, active 12th century, Decretum Gratiani emendatum, et anotationibus illustratum ... Gregorii XIII ... Iussu editum, [s.f.].